logo

Bir Sreshtho Munshi Abdur Rouf Library
Jhenaidah Cadet College

ক্রিকেট খেলার আইন-কানুন / (Record no. 1176)

MARC details
000 -LEADER
fixed length control field 00680nam a2200229 a 4500
001 - CONTROL NUMBER
JCCL Control Number 1176
003 - CONTROL NUMBER IDENTIFIER
JCCL marc code BD-JhCC
005 - DATE AND TIME OF LATEST TRANSACTION
control field 20180220114541.0
008 - FIXED-LENGTH DATA ELEMENTS--GENERAL INFORMATION
fixed length control field 171016s2003 b a|||| |||| 00| 0 b d
020 ## - INTERNATIONAL STANDARD BOOK NUMBER
International Standard Book Number 9847153X
035 ## - SYSTEM CONTROL NUMBER
system control number (BD-JhCC)1176
040 ## - CATALOGING SOURCE
Original cataloging agency BD-JhCC
Modifying agency BD-JhCC
041 ## - LANGUAGE CODE
Language code of Book ben
082 ## - DEWEY DECIMAL CLASSIFICATION NUMBER
DDC Edition number 22
Classification number 344.41099
Author mark and Year HAM 2003
100 ## - MAIN ENTRY--PERSONAL NAME
Personal name হামিদ, আবদুল
245 ## - TITLE STATEMENT
Title ক্রিকেট খেলার আইন-কানুন /
Statement of responsibility, etc আবদুল হামিদ
260 ## - PUBLICATION, DISTRIBUTION, ETC. (IMPRINT)
Place of publication, distribution, etc ঢাকা :
Name of publisher, distributor, etc লেখক সমবায়,
Date of publication, distribution, etc ২০০৩
300 ## - PHYSICAL DESCRIPTION
Pagination 111 p. :
Other physical details ill. ;
Dimensions 22cm.
650 ## - SUBJECT ADDED ENTRY--TOPICAL TERM
Topical term or geographic name as entry element Cricket Law
942 ## - ADDED ENTRY ELEMENTS (KOHA)
Source of classification or shelving scheme Dewey Decimal Classification
Koha item type Books
Holdings
Source of classification or shelving scheme Damaged status Not for loan Home library Current library Shelving location Cost, normal purchase price Total Checkouts Full call number Barcode Date last seen Copy number Koha item type
Dewey Decimal Classification     JCC Rouf Library JCC Rouf Library General Stacks 70.00   344.41099 HAM 2003 2176 10/16/2017 C-1 Books

JCC Library | Contacts | JCC Home

Last Update on 23 September 2017
Copyright @ 2017-2020 JCC Rouf Library
Rouf Library, Jhenidah Cadet College (JCC), Bangladesh